Từ điển các lỗi thông thường trong ngữ pháp tiếng Anh

Đã lưu trong:
Sonraí Bibleagrafaíochta
Príomhúdar: Trương Thị Hòa
Formáid: Neamhaithnid
Teanga:English
Foilsithe: NXB THỐNG KÊ 1998
Ábhair:
Clibeanna: Cuir Clib Leis
Gan Chlibeanna, Bí ar an gcéad duine leis an taifead seo a chlibeáil!
Thư viện lưu trữ: Mạng thư viện Đại học Đà Nẵng
LEADER 01024ca a2200289 4500
001 000032322
003 8402
005 20151022000000.0
008 151002s1998 vm 000 eng
041 |a eng 
082 |a 423  |b TR-H 
100 |a Trương Thị Hòa 
245 |a Từ điển các lỗi thông thường trong ngữ pháp tiếng Anh  |c Trương Thị Hòa 
260 |a NXB THỐNG KÊ  |c 1998 
650 |a Từ điển các lỗi thông thường trong ngữ pháp tiếng Anh, Trương Thị Hòa 
852 |b Đọc  |c TỪ ĐIỂN 
OWN |a LNN 
AVA |a UDN50  |b LNN  |d 423 TR-H  |e available  |t Error 5001 Not defined in file expand_doc_bib_avail.  |f 1  |g 0  |h N  |i 0  |k 1 
999 |a From the UDN01 
AVA |a UDN50  |b LNN  |d 423 TR-H  |e available  |t Error 5001 Not defined in file expand_doc_bib_avail.  |f 1  |g 0  |h N  |i 0  |k 1 
980 |a Mạng thư viện Đại học Đà Nẵng